[Event "Bad Woerishofen op"]
[Site "?"]
[Date "2000.??.??"]
[Round "4"]
[White "Goy, Udo"]
[Black "Malzer, Werner"]
[Result "1-0"]
[WhiteElo "2150"]
[BlackElo "1852"]
[PlyCount "65"]
[EventDate "2000.??.??"]

1. Nf3 Nf6 2. d4 d5 3. c4 e6 4. Nc3 Be7 5. Bg5 a6 6. g3 Nc6 7. Bg2 O-O 8. O-O
h6 9. Bxf6 Bxf6 10. cxd5 exd5 11. e3 Be6 12. Rc1 Ne7 13. Qb3 Rb8 14. Na4 b6 15.
Qd3 Qd7 16. b3 a5 17. Nc3 Rfd8 18. Rfd1 g6 19. Ne5 Bxe5 20. dxe5 c6 21. f4 Kg7
22. Qf1 h5 23. Ne4 Nf5 24. Qf2 c5 25. Nf6 Qc6 26. Rc3 Ne7 27. Rcd3 c4 28. bxc4
Qxc4 29. e4 d4 30. f5 gxf5 31. Qf4 Kg6 32. h4 Kg7 33. Qg5+ 1-0

[Event "Bad Woerishofen op"]
[Site "?"]
[Date "2000.??.??"]
[Round "6"]
[White "Goy, Udo"]
[Black "Popp, Michael"]
[Result "1-0"]
[WhiteElo "2150"]
[BlackElo "1887"]
[PlyCount "177"]
[EventDate "2000.??.??"]

1. d4 d6 2. e4 g6 3. Nc3 Bg7 4. f4 c5 5. dxc5 Bxc3+ 6. bxc3 dxc5 7. Qxd8+ Kxd8
8. Bc4 e6 9. Nf3 Nf6 10. Ng5 Ke7 11. e5 Ne8 12. Be2 Bd7 13. Bf3 Bc6 14. Ne4 b6
15. O-O f5 16. exf6+ Nxf6 17. Nxf6 Kxf6 18. c4 Kf7 19. Bb2 Rd8 20. Bg4 Nd7 21.
Rfe1 Nf8 22. Re2 Rd7 23. Rae1 Re8 24. Bc3 Bb7 25. Re3 Rd6 26. Kf2 Ba6 27. Be2
Bb7 28. Bd3 Rdd8 29. g4 Nd7 30. g5 Nb8 31. Rh3 Kg8 32. Bxg6 hxg6 33. Rh8+ Kf7
34. Rh7+ Kf8 35. Rxb7 Rd7 36. Rxd7 Nxd7 37. Re3 Kf7 38. Rh3 Nf8 39. Rd3 Re7 40.
Kf3 Rb7 41. Rd8 Rd7 42. Rxd7+ Nxd7 43. h4 Nb8 44. Kg4 Kg8 45. h5 Kh7 46. h6 Kg8
47. Kf3 Kh7 48. Be5 Nc6 49. Ke4 Kg8 50. Bc3 Kh7 51. Kd3 Nb8 52. Kd2 Kg8 53. Kc1
Nd7 54. Kb2 Kh7 55. Kb3 Kg8 56. Ka4 a6 57. Kb3 Kh7 58. Kb2 Kg8 59. Kc1 Kh7 60.
Kd2 Kg8 61. Ke3 Kh7 62. Ke4 Kg8 63. Be5 Kh7 64. Bc7 Kg8 65. Kd3 Kh7 66. Kc3 Kg8
67. Kb3 Kh8 68. Ka4 Kh7 69. Bd8 Kg8 70. Bxb6 Nxb6+ 71. Ka5 Nxc4+ 72. Kxa6 e5
73. fxe5 Nxe5 74. Kb5 Nf7 75. a4 Nxg5 76. a5 Ne6 77. Kb6 Nd4 78. a6 Nxc2 79. a7
Kh7 80. a8=Q Kxh6 81. Qh8+ Kg5 82. Qc3 Nd4 83. Qe3+ Kf6 84. Kxc5 Nf5 85. Qc3+
Kg5 86. Kd5 Kh6 87. Ke5 Ng7 88. Qc1+ g5 89. Qc6+ 1-0

[Event "Bad Woerishofen op"]
[Site "?"]
[Date "2000.??.??"]
[Round "8"]
[White "Goy, Udo"]
[Black "Porubszki, Georg"]
[Result "1-0"]
[WhiteElo "2151"]
[BlackElo "2003"]
[PlyCount "43"]
[EventDate "2000.??.??"]

1. d4 Nf6 2. c4 d6 3. Nf3 c6 4. Nc3 Bg4 5. e4 Nbd7 6. Be2 e5 7. Be3 Bxf3 8.
Bxf3 Be7 9. O-O O-O 10. d5 Ne8 11. Qd2 g6 12. Be2 Ng7 13. b4 f5 14. f3 fxe4 15.
fxe4 Rxf1+ 16. Rxf1 a5 17. dxc6 bxc6 18. b5 c5 19. Bh6 Nf6 20. Nd5 Nge8 21. Qd3
Nc7 22. Nxc7 1-0

[Event "Bad Woerishofen op"]
[Site "?"]
[Date "2000.??.??"]
[Round "9"]
[White "Goy, Udo"]
[Black "Lutzenberger, Reimund"]
[Result "1-0"]
[WhiteElo "2150"]
[BlackElo "2250"]
[PlyCount "49"]
[EventDate "2000.??.??"]

1. d4 Nf6 2. c4 g6 3. Nc3 Bg7 4. e4 d6 5. Nf3 O-O 6. Be2 e5 7. O-O Nc6 8. d5
Ne7 9. Kh1 Nh5 10. Ng1 Nf4 11. Bf3 c6 12. g3 Nh3 13. Bg2 Nxg1 14. Kxg1 c5 15.
f4 f5 16. fxe5 Bxe5 17. Bh6 Rf7 18. Qd2 Kh8 19. Rae1 Ng8 20. Bf4 Bd4+ 21. Kh1
Qf6 22. Nb5 Bxb2 23. Nxd6 Bc3 24. Nxf7+ Kg7 25. Qxc3 1-0

[Event "Bad Woerishofen op"]
[Site "Bad Woerishofen"]
[Date "2000.??.??"]
[Round "2"]
[White "Graf, Christian"]
[Black "Anderberg, Peter"]
[Result "1/2-1/2"]
[WhiteElo "2222"]
[BlackElo "2099"]
[PlyCount "99"]
[EventDate "1998.03.05"]
[Source "ChessBase"]
[SourceDate "1998.04.29"]

1. e4 e5 2. Nf3 Nc6 3. Bb5 a6 4. Ba4 Nf6 5. O-O Be7 6. Re1 b5 7. Bb3 O-O 8. h3
Bb7 9. d3 d6 10. a3 Na5 11. Ba2 c5 12. Nc3 Rc8 13. Bg5 Qc7 14. Bxf6 Bxf6 15.
Nd5 Bxd5 16. Bxd5 Nc6 17. c3 Ne7 18. Ba2 Rfd8 19. Nh2 d5 20. Ng4 dxe4 21. Nxf6+
gxf6 22. Qg4+ Ng6 23. dxe4 c4 24. Rad1 Rxd1 25. Rxd1 Rd8 26. Rd5 Rxd5 27. exd5
Qd8 28. Bb1 Qxd5 29. Be4 Qd2 30. h4 Qxb2 31. g3 h5 32. Qxh5 Qxc3 33. Bxg6 Qe1+
34. Kg2 fxg6 35. Qxg6+ Kf8 36. Qxf6+ Ke8 37. Qxa6 Qe4+ 38. Kh2 Qd5 39. Qg6+ Qf7
40. Qc6+ Qd7 41. Qc5 Qd4 42. Qxb5+ Ke7 43. Qb7+ Kd6 44. Qf7 c3 45. h5 Qd1 46.
Qf6+ Kd7 47. Qf5+ Kd6 48. Qf8+ Kd7 49. Qf7+ Kd6 50. Qf6+ 1/2-1/2

[Event "Bad Woerishofen op"]
[Site "?"]
[Date "2000.??.??"]
[Round "4"]
[White "Graf, Christian"]
[Black "Karpatchev, Alexandre"]
[Result "1-0"]
[WhiteElo "2222"]
[BlackElo "2453"]
[PlyCount "149"]
[EventDate "2000.??.??"]

1. e4 c5 2. c3 Nf6 3. e5 Nd5 4. d4 cxd4 5. Nf3 e6 6. cxd4 d6 7. a3 Bd7 8. Bd3
Bc6 9. O-O Nd7 10. Re1 Rc8 11. exd6 Bxd6 12. Ne5 Qh4 13. Re4 Ba4 14. Qe1 Qe7
15. Bd2 N7f6 16. Re2 O-O 17. Nc3 Bb3 18. Nxd5 Bxd5 19. Bg5 h6 20. Bh4 g5 21.
Bg3 Nh5 22. Ng4 Nxg3 23. hxg3 Kg7 24. Ne3 Qf6 25. Nxd5 Qxd4 26. Rd1 Qxd5 27.
Be4 Qc5 28. b4 Qb6 29. Bxb7 Rc7 30. Qd2 Bxb4 31. axb4 Rxb7 32. Qb2+ f6 33. Red2
e5 34. Qb3 Rff7 35. Rb1 Rfd7 36. Rbd1 Rxd2 37. Rxd2 a5 38. Qa4 Qxb4 39. Rd7+
Rxd7 40. Qxd7+ Kg8 41. Qe6+ Kg7 42. Qd7+ Kg6 43. g4 e4 44. Qe8+ Kg7 45. Qd7+
Kf8 46. Qd8+ Kf7 47. Qc7+ Ke6 48. Qc8+ Kd6 49. Qd8+ Ke5 50. Qc7+ Kd4 51. Qd8+
Kc4 52. Qxf6 a4 53. Qxh6 Qe1+ 54. Kh2 Qxf2 55. Qc6+ Kd3 56. Qxa4 Qf4+ 57. Kg1
Qc1+ 58. Kh2 e3 59. Qb5+ Qc4 60. Qf5+ Qe4 61. Qb5+ Kd2 62. Qxg5 Ke1 63. Kg1 Qd4
64. Qa5+ Qd2 65. Qa1+ Qd1 66. Qc3+ Ke2+ 67. Kh2 Qd6+ 68. Kg1 Qd1+ 69. Kh2 Qd2
70. Qc4+ Ke1 71. g5 e2 72. g6 Qd6+ 73. Kg1 Qb6+ 74. Kh2 Qxg6 75. Qc1+ 1-0

[Event "Bad Woerishofen op"]
[Site "?"]
[Date "2000.??.??"]
[Round "5"]
[White "Graf, Christian"]
[Black "Mainka, Romuald"]
[Result "1/2-1/2"]
[WhiteElo "2222"]
[BlackElo "2478"]
[PlyCount "63"]
[EventDate "2000.??.??"]

1. e4 c5 2. c3 Nf6 3. e5 Nd5 4. d4 cxd4 5. cxd4 d6 6. Nf3 Nc6 7. Bc4 e6 8. O-O
Nb6 9. Bb5 dxe5 10. Nxe5 Bd7 11. Bxc6 Bxc6 12. Nxc6 bxc6 13. Nc3 Be7 14. Be3
O-O 15. Rc1 Rb8 16. Qe2 Qd7 17. b3 Bb4 18. Ne4 Nd5 19. Nc5 Bxc5 20. Rxc5 Rb5
21. Rfc1 Rxc5 22. Rxc5 Rb8 23. Qc4 Rb6 24. h3 f6 25. Bd2 Kf7 26. Ba5 Rb5 27. a4
Rxc5 28. dxc5 Ne7 29. Qc2 Qd5 30. Bd2 Nf5 31. Be3 Ke7 32. b4 1/2-1/2

[Event "Bad Woerishofen op"]
[Site "?"]
[Date "2000.??.??"]
[Round "8"]
[White "Graf, Christian"]
[Black "Buchner, Rudolf"]
[Result "1/2-1/2"]
[WhiteElo "2222"]
[BlackElo "2217"]
[PlyCount "105"]
[EventDate "2000.??.??"]

1. e4 e6 2. d4 d5 3. Nd2 Nf6 4. Bd3 dxe4 5. Nxe4 Nxe4 6. Bxe4 Nd7 7. Nf3 c5 8.
O-O Be7 9. c3 Nf6 10. Bd3 O-O 11. dxc5 Bxc5 12. Bg5 Be7 13. Qe2 Nd5 14. Bxe7
Qxe7 15. Qe4 g6 16. Rad1 Rb8 17. Ne5 Qc7 18. Rfe1 b5 19. Qh4 a6 20. Ng4 Qd8 21.
Qg3 Rb6 22. Be4 Qg5 23. h4 Qf4 24. Qxf4 Nxf4 25. Nf6+ Kg7 26. Nd7 Bxd7 27. Rxd7
Nh5 28. Bf3 Nf6 29. Rd4 Re8 30. Red1 e5 31. Rd6 Re6 32. Rxe6 Rxe6 33. Kf1 e4
34. Be2 Ne8 35. Rd7 Kf6 36. g3 Nd6 37. Bg4 Nf5 38. Bxf5 gxf5 39. Ke2 Rc6 40.
Ke3 Ke6 41. Rd8 h6 42. Rd4 Ke5 43. Rd8 Re6 44. Rd7 f6 45. Rd8 f4+ 46. gxf4+ Kf5
47. f3 exf3+ 48. Kxf3 Re1 49. Rd5+ Ke6 50. Rd2 Rh1 51. Kg4 Rg1+ 52. Kh5 Rh1 53.
Kg4 1/2-1/2

[Event "Bad Woerishofen op"]
[Site "Bad Woerishofen"]
[Date "2000.??.??"]
[Round "1"]
[White "Grosser, Walter"]
[Black "Hartoch, Robert"]
[Result "0-1"]
[WhiteElo "1940"]
[BlackElo "2318"]
[PlyCount "112"]
[EventDate "1998.03.05"]
[Source "ChessBase"]
[SourceDate "1998.04.29"]

1. d4 g6 2. c4 Bg7 3. Nc3 d6 4. e4 e5 5. d5 Nf6 6. f3 O-O 7. Be3 Nh5 8. Qd2 f5
9. Bg5 Bf6 10. Bxf6 Qxf6 11. Nge2 Na6 12. Nc1 Bd7 13. Nd3 Rf7 14. Be2 Qh4+ 15.
Nf2 Nc5 16. g3 Qe7 17. exf5 gxf5 18. O-O-O Kh8 19. f4 Nf6 20. fxe5 dxe5 21. d6
cxd6 22. Qxd6 Bc6 23. Rhe1 Rc8 24. b4 Nce4 25. Nfxe4 Nxe4 26. Nxe4 Bxe4 27.
Qxe7 Rxe7 28. Kd2 f4 29. Bf1 Bf3 30. Rc1 Rd8+ 31. Kc3 fxg3 32. hxg3 Rg8 33. Re3
Rxg3 34. Rce1 h5 35. Be2 Rf7 36. Rxf3 Rfxf3+ 37. Bxf3 Rxf3+ 38. Kd2 Rf5 39. c5
Kg7 40. Ke3 Rf4 41. b5 Rc4 42. Rd1 Rxc5 43. Rd7+ Kf6 44. Rxb7 Rc3+ 45. Ke4 Ra3
46. b6 Ra4+ 47. Kf3 axb6 48. Rxb6+ Kf5 49. Rb2 Ra3+ 50. Kg2 e4 51. Rf2+ Kg4 52.
Kf1 h4 53. Rg2+ Kf4 54. Rh2 h3 55. Re2 Kf3 56. Rh2 Kg3 0-1

[Event "Bad Woerishofen op"]
[Site "?"]
[Date "2000.??.??"]
[Round "3"]
[White "Grosser, Walter"]
[Black "Kroencke, Manfred"]
[Result "1/2-1/2"]
[WhiteElo "1940"]
[BlackElo "2175"]
[PlyCount "38"]
[EventDate "2000.??.??"]

1. d4 d5 2. Nf3 Nf6 3. c4 e6 4. Bg5 Be7 5. Nc3 O-O 6. e3 h6 7. Bh4 b6 8. Qc2
Bb7 9. cxd5 Nxd5 10. Bxe7 Qxe7 11. Nxd5 exd5 12. Be2 c5 13. O-O Nd7 14. Rac1 c4
15. Rfe1 b5 16. h3 Rac8 17. Nd2 Nf6 18. Nf3 Nd7 19. Nd2 Nf6 1/2-1/2

[Event "Bad Woerishofen op"]
[Site "?"]
[Date "2000.??.??"]
[Round "5"]
[White "Grosser, Walter"]
[Black "Reich, Thomas"]
[Result "1-0"]
[WhiteElo "1940"]
[BlackElo "2407"]
[PlyCount "99"]
[EventDate "2000.??.??"]

1. d4 g6 2. c4 Nf6 3. Nc3 Bg7 4. e4 d6 5. f3 O-O 6. Be3 b6 7. Qd2 c5 8. Nge2
Nc6 9. h4 h5 10. O-O-O Kh7 11. Kb1 Rh8 12. Qc1 Bd7 13. d5 Ne5 14. Ng3 a6 15.
Bf4 Ne8 16. Bxe5 dxe5 17. Be2 Bh6 18. Qc2 Nd6 19. Nf1 b5 20. g4 b4 21. gxh5
bxc3 22. hxg6+ fxg6 23. Qxc3 Bf4 24. Ne3 Qf8 25. Ng2 Bh6 26. h5 g5 27. Ne1 Qb8
28. Nd3 Nb7 29. Nxe5 Bg7 30. Nxd7 Qd6 31. e5 Qxd7 32. Qd3+ Kg8 33. Qg6 Rh6 34.
Qxg5 Kh8 35. Bd3 Rg8 36. Rhg1 Qc7 37. f4 e6 38. Bg6 Na5 39. dxe6 Nxc4 40. Bf7
Qb7 41. Rg2 Ne3 42. Bxg8 Nxg2 43. Bh7 Rxe6 44. Rd8+ Kxh7 45. Qf5+ Kh6 46. Qxe6+
Kxh5 47. Qf5+ Kh4 48. Qg5+ Kh3 49. Rd3+ Kh2 50. Qg3+ 1-0

[Event "Bad Woerishofen op"]
[Site "?"]
[Date "2000.??.??"]
[Round "7"]
[White "Grosser, Walter"]
[Black "Laengl, Juergen"]
[Result "0-1"]
[WhiteElo "1940"]
[BlackElo "2248"]
[PlyCount "24"]
[EventDate "2000.??.??"]

1. d4 d5 2. Nf3 Nf6 3. c4 e6 4. Bg5 c6 5. cxd5 exd5 6. Nc3 Be7 7. e3 Bf5 8. Bd3
Bxd3 9. Qxd3 Nbd7 10. O-O O-O 11. Rac1 Ne4 12. Nxe4 dxe4 0-1

[Event "Bad Woerishofen op"]
[Site "?"]
[Date "2000.??.??"]
[Round "9"]
[White "Grosser, Walter"]
[Black "Friedrich, Wolfgang"]
[Result "0-1"]
[WhiteElo "1940"]
[BlackElo "2104"]
[PlyCount "94"]
[EventDate "2000.??.??"]

1. d4 e5 2. d5 Bc5 3. c4 d6 4. Nc3 f5 5. Nf3 Nf6 6. Bg5 O-O 7. e3 Nbd7 8. Be2
a6 9. O-O h6 10. Bxf6 Qxf6 11. Kh1 g5 12. g3 Rf7 13. Na4 Ba7 14. b4 e4 15. Nd4
Ne5 16. c5 Bd7 17. Rc1 Raf8 18. Nb2 h5 19. Ne6 Bxe6 20. dxe6 Qxe6 21. cxd6 cxd6
22. Nc4 d5 23. Nxe5 Qxe5 24. Qb3 Kg7 25. Bxh5 Rd7 26. Be2 Rh8 27. Rfd1 Kf6 28.
Bf1 f4 29. Qc3 fxg3 30. fxg3 d4 31. exd4 Bxd4 32. Qe1 Rdh7 33. Rc2 e3 34. Re2
Qe4+ 35. Kg1 Qe5 36. Bg2 Rxh2 37. Qf1+ Kg7 38. Qf3 Rf8 39. Qxb7+ Rf7 40. Qxa6
Rh6 41. Qd3 Bb6 42. Rf1 Rxf1+ 43. Kxf1 Qa1+ 44. Re1 Rf6+ 45. Bf3 Rxf3+ 46. Kg2
Rf2+ 47. Kh3 Qxe1 0-1

[Event "Bad Woerishofen op"]
[Site "Bad Woerishofen"]
[Date "2000.??.??"]
[Round "2"]
[White "Grotz, Stephan"]
[Black "Levin, Felix"]
[Result "0-1"]
[WhiteElo "2204"]
[BlackElo "2526"]
[PlyCount "74"]
[EventDate "1998.03.05"]
[Source "ChessBase"]
[SourceDate "1998.04.29"]

1. d4 Nf6 2. Nf3 e6 3. Bg5 h6 4. Bxf6 Qxf6 5. Nbd2 d6 6. e3 g6 7. Bd3 Bg7 8. c3
Nd7 9. Qc2 Qe7 10. O-O-O b6 11. Bb5 Bb7 12. Qa4 a6 13. Bxd7+ Qxd7 14. Qxd7+
Kxd7 15. e4 f5 16. e5 g5 17. Rhg1 Rhg8 18. Rge1 Rae8 19. exd6 cxd6 20. Nc4 g4
21. Nfd2 b5 22. Ne3 f4 23. Nc2 Bxg2 24. Rg1 Bh3 25. Nb4 a5 26. Nd3 Ref8 27.
Rde1 h5 28. Re4 Bh6 29. Kc2 h4 30. Rge1 g3 31. hxg3 hxg3 32. fxg3 Rxg3 33. Rh1
Bg5 34. Re2 Bf5 35. Ne4 Rxd3 36. Kxd3 d5 37. Rh5 Bxe4+ 0-1

[Event "Bad Woerishofen op"]
[Site "?"]
[Date "2000.??.??"]
[Round "4"]
[White "Grotz, Stephan"]
[Black "Damm, Fabian"]
[Result "1/2-1/2"]
[WhiteElo "2204"]
[BlackElo "1980"]
[PlyCount "129"]
[EventDate "2000.??.??"]

1. d4 Nf6 2. Nf3 e6 3. e3 d5 4. Bd3 c5 5. c3 Nc6 6. Nbd2 Bd6 7. O-O O-O 8. e4
cxd4 9. cxd4 e5 10. exd5 Nxd4 11. Nxd4 exd4 12. Ne4 Nxe4 13. Bxe4 Bxh2+ 14.
Kxh2 Qh4+ 15. Kg1 Qxe4 16. d6 Bd7 17. Re1 Qd5 18. Bf4 Bc6 19. Qg4 f5 20. Qh3
Rae8 21. Re7 Rxe7 22. dxe7 Re8 23. Re1 Qd7 24. Qb3+ Bd5 25. Qa3 Qc6 26. f3 a6
27. Qb4 Qf6 28. Qd6 Qxd6 29. Bxd6 Bxa2 30. Rd1 Bd5 31. Rxd4 Bc6 32. Kf2 Kf7 33.
Bc5 Bb5 34. b4 b6 35. Bd6 Rc8 36. g4 fxg4 37. fxg4 Ke6 38. Bf4 Kxe7 39. Re4+
Kd7 40. Rd4+ Ke8 41. Be3 Rc6 42. Kf3 Rf6+ 43. Rf4 Re6 44. Bd4 g6 45. g5 Bd3 46.
Rf6 Rxf6+ 47. Bxf6 Kd7 48. Ke3 Bb1 49. Bd4 Kc6 50. Kd2 Kb5 51. Kc3 Bf5 52. Be3
a5 53. bxa5 Kxa5 54. Kb2 b5 55. Bc5 b4 56. Bf8 Kb5 57. Be7 Kc4 58. Bf8 Be6 59.
Be7 b3 60. Bf6 Kd3 61. Bg7 Bd5 62. Bf6 Ke4 63. Bc3 Kf5 64. Bd2 Ke6 65. Be3
1/2-1/2

[Event "Bad Woerishofen op"]
[Site "?"]
[Date "2000.??.??"]
[Round "6"]
[White "Grotz, Stephan"]
[Black "Bruns, Michael"]
[Result "0-1"]
[WhiteElo "2204"]
[BlackElo "2105"]
[PlyCount "92"]
[EventDate "2000.??.??"]

1. d4 Nf6 2. Nf3 g6 3. c4 Bg7 4. Nc3 d5 5. Qb3 dxc4 6. Qxc4 O-O 7. e4 Bg4 8.
Be2 Nfd7 9. Be3 Nb6 10. Qd3 Nc6 11. Rd1 Bxf3 12. Bxf3 e5 13. d5 Nd4 14. Bxd4
exd4 15. Ne2 c5 16. dxc6 bxc6 17. O-O c5 18. b3 Rc8 19. Rc1 Nd7 20. Bg4 Ne5 21.
Qh3 Nxg4 22. Qxg4 f5 23. exf5 Rxf5 24. Ng3 Re5 25. f4 Re8 26. h4 d3 27. h5 Rc6
28. Qf3 Rce6 29. Qg4 d2 30. Rcd1 Qd4+ 31. Kh2 gxh5 32. Qf3 Re1 33. Nh1 R8e3 34.
Qf2 R1e2 35. Qh4 Qd5 36. Rf2 Bc3 37. Rxe2 Rxe2 38. Qg3+ Kf8 39. Nf2 Bd4 40. Nh3
Be3 41. Ng5 Ke7 42. Nf3 Kf8 43. Ng5 Qf5 44. Rf1 d1=Q 45. Ne6+ Qxe6 46. Rxd1 Bd4
0-1

[Event "Bad Woerishofen op"]
[Site "?"]
[Date "2000.??.??"]
[Round "8"]
[White "Grotz, Stephan"]
[Black "Carl, Werner"]
[Result "1/2-1/2"]
[WhiteElo "2204"]
[BlackElo "1900"]
[PlyCount "110"]
[EventDate "2000.??.??"]

1. d4 Nf6 2. Nf3 g6 3. e3 Bg7 4. Bd3 d6 5. Nbd2 Nbd7 6. O-O O-O 7. c3 c6 8. Qe2
Qc7 9. b3 Re8 10. Ba3 e5 11. dxe5 dxe5 12. e4 c5 13. Rfd1 b6 14. Nf1 Bb7 15.
Ng3 Nf8 16. Bb5 Red8 17. Bc4 h6 18. Bb2 Bc8 19. Rxd8 Qxd8 20. Nxe5 Be6 21. Rd1
Qc7 22. Bxe6 Nxe6 23. Nc4 Ne8 24. Ne3 Rd8 25. Nd5 Qb7 26. Nf1 Kh7 27. Nfe3 Nd6
28. f3 Ne8 29. Qc2 Nf6 30. Nxf6+ Bxf6 31. Rxd8 Nxd8 32. Nd5 Bg7 33. Qd2 Ne6 34.
f4 Nc7 35. c4 Bxb2 36. Qxb2 Nxd5 37. cxd5 b5 38. Kf2 Qb6 39. Ke3 Qa5 40. Qd2
Qd8 41. h3 Kg8 42. Qc3 Qc7 43. Qd3 c4 44. bxc4 Qc5+ 45. Qd4 Qa3+ 46. Kf2 Qxa2+
47. Kg3 Qb3+ 48. Kf2 Qa2+ 49. Kf3 Qb3+ 50. Kf2 Qa2+ 51. Ke1 Qb1+ 52. Kd2 Qa2+
53. Kd3 Qb1+ 54. Ke3 Qg1+ 55. Kd3 Qd1+ 1/2-1/2

[Event "Bad Woerishofen op"]
[Site "Bad Woerishofen"]
[Date "2000.??.??"]
[Round "1"]
[White "Guenther, Thomas"]
[Black "Mossekel, Manfred"]
[Result "1-0"]
[WhiteElo "2142"]
[BlackElo "1657"]
[PlyCount "69"]
[EventDate "1998.03.05"]
[Source "ChessBase"]
[SourceDate "1998.04.29"]

1. d4 d5 2. Nf3 e6 3. c4 c6 4. Qc2 f5 5. e3 Nf6 6. Bd3 Ne4 7. O-O Bd6 8. b3 Qe7
9. Bb2 O-O 10. Ne5 Qg5 11. Nc3 Nd7 12. Na4 g6 13. Rae1 Qh6 14. cxd5 exd5 15. f3
Ng5 16. Nc5 Nxc5 17. dxc5 Bc7 18. f4 Nf7 19. Nxf7 Kxf7 20. Qc3 g5 21. h3 Rg8
22. Qc2 g4 23. Bxf5 gxh3 24. g4 Bxf5 25. Qxf5+ Ke7 26. g5 Raf8 27. Qg4 Qe6 28.
Qxe6+ Kxe6 29. Kh1 Kf5 30. Bf6 Re8 31. Rf3 Kg4 32. Ref1 Re4 33. Bd4 a6 34. Kh2
Rxg5 35. Rg3+ 1-0

[Event "Bad Woerishofen op"]
[Site "?"]
[Date "2000.??.??"]
[Round "3"]
[White "Guenther, Thomas"]
[Black "Steiger, Wallfried"]
[Result "1-0"]
[WhiteElo "2142"]
[BlackElo "1890"]
[PlyCount "38"]
[EventDate "2000.??.??"]

1. d4 e6 2. Nf3 b6 3. g3 Bb7 4. Bg2 f5 5. O-O Nf6 6. c4 d6 7. Nc3 Be7 8. Ng5
Bxg2 9. Kxg2 Qd7 10. d5 e5 11. Ne6 Rg8 12. Qc2 g6 13. e4 fxe4 14. Nxe4 Na6 15.
f4 Nxe4 16. Qxe4 Nc5 17. Nxc5 dxc5 18. d6 Rd8 19. dxe7 Qxe7 1-0

[Event "Bad Woerishofen op"]
[Site "?"]
[Date "2000.??.??"]
[Round "4"]
[White "Guenther, Thomas"]
[Black "Breder, Dennis"]
[Result "1-0"]
[WhiteElo "2142"]
[BlackElo "2305"]
[PlyCount "59"]
[EventDate "2000.??.??"]

1. d4 Nf6 2. Nf3 e6 3. c4 b6 4. e3 Bb7 5. Bd3 Be7 6. Nc3 d5 7. cxd5 exd5 8.
Qa4+ c6 9. O-O O-O 10. Ne5 c5 11. Bf5 a6 12. Qc2 Nc6 13. Nxc6 Bxc6 14. dxc5 g6
15. Bh3 bxc5 16. b3 Qb6 17. Bb2 Rad8 18. Ne2 Ne4 19. Nf4 h5 20. f3 Ng5 21. Nxg6
Nxh3+ 22. gxh3 Rfe8 23. Nxe7+ Rxe7 24. Bf6 Rxe3 25. Qg2+ Kf8 26. Qg5 Rd6 27.
Bg7+ Kg8 28. Qxe3 Re6 29. Be5 f6 30. Bc7 1-0

[Event "Bad Woerishofen op"]
[Site "?"]
[Date "2000.??.??"]
[Round "7"]
[White "Guenther, Thomas"]
[Black "Dittmar, Peter"]
[Result "0-1"]
[WhiteElo "2142"]
[BlackElo "2308"]
[PlyCount "78"]
[EventDate "2000.??.??"]

1. d4 d5 2. Nf3 c5 3. c4 e6 4. e3 Nf6 5. Nc3 Nc6 6. a3 a6 7. dxc5 Bxc5 8. b4
Bd6 9. Be2 O-O 10. O-O dxc4 11. Bxc4 b5 12. Bb3 Bb7 13. Qe2 Qc7 14. Bb2 Ne5 15.
h3 Nxf3+ 16. gxf3 Rad8 17. Rac1 Qe7 18. Bc2 Bb8 19. Rfd1 Nd5 20. Ne4 f5 21. Nc5
Qg5+ 22. Kh1 Qh5 23. Kg2 Bc8 24. Rh1 Kh8 25. Rcg1 Bd6 26. Kf1 Nf6 27. h4 h6 28.
Bb3 Bxc5 29. bxc5 Bb7 30. Rg3 Bd5 31. Bxd5 Rxd5 32. Rhg1 Rfd8 33. Ke1 Qxh4 34.
Rxg7 Qa4 35. Rd7 R8xd7 36. Bxf6+ Kh7 37. Bd4 Qxa3 38. Kf1 Rxd4 39. exd4 Qc1+
0-1

[Event "Bad Woerishofen op"]
[Site "?"]
[Date "2000.??.??"]
[Round "8"]
[White "Guenther, Thomas"]
[Black "Horther, Heinrich"]
[Result "1-0"]
[WhiteElo "2142"]
[BlackElo "2398"]
[PlyCount "73"]
[EventDate "2000.??.??"]

1. d4 e6 2. g3 d5 3. Bg2 Nf6 4. Nf3 c5 5. c4 Nc6 6. cxd5 exd5 7. Nc3 Be7 8. O-O
O-O 9. a3 Ne4 10. dxc5 Nxc3 11. bxc3 Bxc5 12. Bf4 Bf5 13. Nd4 Nxd4 14. cxd4 Bb6
15. Qb3 Be6 16. Rac1 Qd7 17. Rc2 Rac8 18. Rfc1 Rc4 19. e3 Rfc8 20. Bf1 Rxc2 21.
Rxc2 Rxc2 22. Qxc2 f6 23. h4 h6 24. Bg2 Bd8 25. Qb3 b6 26. h5 Qc6 27. Bf3 Be7
28. Be2 Kf7 29. a4 Qc1+ 30. Kg2 g5 31. Bb8 Qe1 32. Qd3 Bh3+ 33. Kxh3 Ke8 34.
Qg6+ Kd7 35. Bb5+ Kc8 36. Qe8+ Bd8 37. Ba6+ 1-0

[Event "Bad Woerishofen op"]
[Site "Bad Woerishofen"]
[Date "2000.??.??"]
[Round "1"]
[White "Gutman, Lev"]
[Black "Wallhof, Dieter"]
[Result "1-0"]
[WhiteElo "2488"]
[BlackElo "2060"]
[PlyCount "81"]
[EventDate "1998.03.05"]
[Source "ChessBase"]
[SourceDate "1998.04.29"]

1. Nf3 c5 2. g3 Nc6 3. d4 cxd4 4. Nxd4 g6 5. Nxc6 bxc6 6. Bg2 Bg7 7. O-O Nf6 8.
c4 O-O 9. Nc3 Ba6 10. Qa4 Qc8 11. Bd2 Rb8 12. b3 Nh5 13. Rac1 f5 14. e3 e5 15.
Rfd1 Rf7 16. Nb5 Bf8 17. Be1 d5 18. Nc3 dxc4 19. Bxc6 cxb3 20. Bd5 b2 21. Rb1
Nf6 22. Bb3 Kg7 23. Rxb2 Rc7 24. Be6 Rxb2 25. Bxc8 Bxc8 26. Qa5 Re7 27. Na4
Rxa2 28. Bb4 Rf7 29. Bxf8+ Rxf8 30. Qxa7+ Rf7 31. Qb8 Rxa4 32. Qxc8 Raa7 33.
Qb8 Rae7 34. h3 h5 35. Qb4 Rb7 36. Qh4 Rfc7 37. g4 hxg4 38. Rd8 Ng8 39. hxg4
Rb4 40. Rxg8+ Kxg8 41. Qd8+ 1-0

[Event "Bad Woerishofen op"]
[Site "?"]
[Date "2000.??.??"]
[Round "3"]
[White "Gutman, Lev"]
[Black "Koglin, Anke"]
[Result "1-0"]
[WhiteElo "2488"]
[BlackElo "2270"]
[PlyCount "101"]
[EventDate "2000.??.??"]

1. Nf3 d5 2. c4 e6 3. g3 Nf6 4. Bg2 Be7 5. O-O O-O 6. d4 dxc4 7. Qc2 a6 8. Qxc4
b5 9. Qc2 Bb7 10. Bg5 Nbd7 11. Bxf6 Nxf6 12. Nbd2 Rc8 13. Nb3 Be4 14. Qc1 c5
15. dxc5 Qc7 16. Rd1 a5 17. Qf4 a4 18. Nbd4 Qxc5 19. Qe5 Bxf3 20. Qxc5 Bxc5 21.
Bxf3 Bxd4 22. Rxd4 g6 23. Rb4 Rc5 24. Rd1 Rb8 25. a3 Kf8 26. Rd6 Nd5 27. Bxd5
exd5 28. e3 h5 29. h4 Ke7 30. Ra6 Rd8 31. Rb6 d4 32. exd4 Rcd5 33. Kg2 Rxd4 34.
R6xb5 Rxb4 35. Rxb4 Rd2 36. Kf3 Rc2 37. Ke3 Ke6 38. f3 Rg2 39. Kf4 Kf6 40. g4
hxg4 41. fxg4 Rh2 42. g5+ Kg7 43. Ke3 f5 44. gxf6+ Kxf6 45. Kd3 Kg7 46. Kc3
Rh3+ 47. Kc2 Rh2+ 48. Kb1 Kh6 49. Rxa4 Kh5 50. Ka2 Rh3 51. Rc4 1-0

[Event "Bad Woerishofen op"]
[Site "?"]
[Date "2000.??.??"]
[Round "5"]
[White "Gutman, Lev"]
[Black "Oberhofer, Max"]
[Result "1/2-1/2"]
[WhiteElo "2488"]
[BlackElo "2217"]
[PlyCount "53"]
[EventDate "2000.??.??"]

1. Nf3 d5 2. g3 Nf6 3. Bg2 c5 4. O-O e6 5. d4 b6 6. c4 Bb7 7. cxd5 exd5 8. Nc3
Be7 9. Qa4+ Bc6 10. Qc2 O-O 11. Rd1 Na6 12. Bf4 Bb7 13. a3 Nc7 14. Be5 Rc8 15.
Qa4 Ne6 16. dxc5 bxc5 17. Bxf6 Bxf6 18. e4 d4 19. Nd5 Bxd5 20. exd5 Nc7 21. Nd2
Nxd5 22. Qxa7 c4 23. Qb7 Nb6 24. Ne4 d3 25. Nxf6+ Qxf6 26. a4 Rb8 27. Qa6 {
Remis im 45.Zug} 1/2-1/2

[Event "Bad Woerishofen op"]
[Site "?"]
[Date "2000.??.??"]
[Round "7"]
[White "Gutman, Lev"]
[Black "Deglmann, Ludwig"]
[Result "1-0"]
[WhiteElo "2488"]
[BlackElo "2332"]
[PlyCount "59"]
[EventDate "2000.??.??"]

1. Nf3 d6 2. d4 f5 3. c3 Nf6 4. Qb3 g6 5. h3 c6 6. g4 Qb6 7. Qc2 fxg4 8. hxg4
Bxg4 9. Ng5 Bf5 10. e4 Nxe4 11. Nxe4 d5 12. f3 dxe4 13. fxe4 Be6 14. Bf4 Nd7
15. Nd2 Bg7 16. a4 a5 17. O-O-O O-O 18. Nc4 Qd8 19. Qh2 h5 20. Bd3 Qe8 21. Ne3
Nf6 22. Rdg1 Qf7 23. Bg5 Nh7 24. Nf5 gxf5 25. Bh6 fxe4 26. Rxg7+ Qxg7 27. Bxg7
Kxg7 28. Qe5+ Rf6 29. Bxe4 Rg8 30. Qxh5 1-0

[Event "Bad Woerishofen op"]
[Site "?"]
[Date "2000.??.??"]
[Round "9"]
[White "Gutman, Lev"]
[Black "Sulava, Nenad"]
[Result "1-0"]
[WhiteElo "2488"]
[BlackElo "2486"]
[PlyCount "65"]
[EventDate "2000.??.??"]

1. Nf3 d5 2. g3 Nc6 3. d4 Bg4 4. Bg2 Qd7 5. Ne5 Nxe5 6. dxe5 O-O-O 7. Qd4 b6 8.
Nc3 Bh3 9. Qxd5 Qxd5 10. Bxh3+ Qd7 11. Bxd7+ Rxd7 12. Bd2 e6 13. O-O-O Bb4 14.
Ne4 Bxd2+ 15. Rxd2 Rxd2 16. Kxd2 Ne7 17. e3 Kb7 18. f4 a5 19. Ke2 h6 20. Rd1
Kc6 21. c4 Nf5 22. Nc3 g5 23. Ne4 g4 24. Nf6 h5 25. e4 Nh6 26. Ke3 Kc5 27. Rd7
c6 28. Kd3 b5 29. Kc3 b4+ 30. Kd3 Kb6 31. c5+ Kb5 32. Rb7+ Ka4 33. Nd7 1-0